| 000 | 00643nam a2200241 a 4500 | ||
|---|---|---|---|
| 001 | 0001-1359 | ||
| 003 | ELIB.Books | ||
| 008 | 151028 2010 eng | ||
| 020 | _a080062078X | ||
| 035 | _a(ELIB.Books)0001-1514 | ||
| 092 |
_a221.6 _bLaf |
||
| 100 | _aLaffey, Alice L. | ||
| 245 |
_aAn Introduction to the Old Testament _b: A Feminist Perspective |
||
| 260 |
_aPhiladelphia _bFortress Press _c1988 |
||
| 300 |
_a243 _c21.5 Cm |
||
| 500 | _aC/o Par Si Thu | ||
| 650 | _aOld Testament | ||
| 856 |
_nKBTS: Library _uKBTS: Elib |
||
| 942 |
_2ddc _cBK |
||
| 990 | _a1 | ||
| 998 |
_cbat _e2015-10-28 |
||
| 999 |
_c11359 _d11359 |
||